A Bell for Adano
Guardado en:
| Hovedforfatter: | |
|---|---|
| Format: | Bog |
| Sprog: | Undetermined |
| Udgivet: |
New York, Estados Unidos
Avon Books
1963
|
| Fag: | |
| Tags: |
Tilføj Tag
Ingen Tags, Vær først til at tagge denne postø!
|
MARC
| LEADER | 00000nam a2200000Ia 4500 | ||
|---|---|---|---|
| 008 | 170316s9999 xx 000 0 und d | ||
| 999 | |c 28805 |d 28805 | ||
| 040 | |a cru BVZT | ||
| 090 | |a F-810 H-7a | ||
| 100 | |a Hersey, John | ||
| 245 | 2 | |a A Bell for Adano | |
| 260 | |a New York, Estados Unidos | ||
| 260 | |b Avon Books | ||
| 260 | |c 1963 | ||
| 300 | |a 222 páginas | ||
| 650 | |a LITERATURA ESTADOUNIDENSE |9 25 | ||
| 650 | |a FICCIÓN |9 26 | ||
| 942 | |c 15 D |h F-810 H-7a |2 z | ||
